| 000 | 00955nam0a22002531 4500 | ||
|---|---|---|---|
| 001 | rc\3638724 | ||
| 005 | 20260406225357.0 | ||
| 021 |
_aRU _bРг12320-73 |
||
| 021 |
_aRU _b73-63284 |
||
| 035 | _a(NLR Aleph) 007727545 | ||
| 090 |
_a7019522 _c7019522 |
||
| 100 | _a20130115d1973 |||y0rusy50 ca | ||
| 101 | 0 | _arus | |
| 102 | _aRU | ||
| 105 | _ay bc ||||| | ||
| 200 | 1 |
_aМетодические указания по ревизии проектных и изыскательских организаций потребительской кооперации _fЦентросоюз. Контрольно-ревизионное упр. |
|
| 210 |
_aМосква _cБ. и. _d1973 |
||
| 215 |
_a12 с. _d22 |
||
| 712 | 0 | 2 |
_aЦентросоюз _bКонтрольно-ревизионное управление _3RU\NLR\AUTH\889981289 _9458760 |
| 801 | 0 |
_aRU _bNLR _gpsbo |
|
| 801 | 1 |
_aRU _bELAR _2rusmarc |
|
| 852 |
_aNLR _j73-6/6424 |
||
| 942 | _cBOOK | ||
| 980 | _aNB | ||